| 000 | 02611cam a22003738i 4500 | ||
|---|---|---|---|
| 001 | 21855093 | ||
| 003 | OSt | ||
| 005 | 20230912160847.0 | ||
| 008 | 201230s2020 nyu b 001 0 eng | ||
| 010 | _a 2020055359 | ||
| 020 |
_a9780367773892 _q(hardback) |
||
| 020 |
_a9780367773908 _q(paperback) |
||
| 020 |
_z9781003171140 _q(ebook) |
||
| 040 |
_aDLC _beng _erda _cDLC |
||
| 042 | _apcc | ||
| 050 | 0 | 0 |
_aRD97 _b.S787 2020 |
| 082 | 0 | 0 |
_a617.1027 _2PAP/S |
| 245 | 0 | 4 |
_aThe sports rehabilitation therapists' guidebook : _baccessing evidence-based practice / _cedited by Konstantinos Papadopoulos and Mark Richardson. |
| 263 | _a2104 | ||
| 264 | 1 |
_aNew York, NY : _bRoutledge, _c2020. |
|
| 300 | _a177 pages | ||
| 336 |
_atext _btxt _2rdacontent |
||
| 337 |
_aunmediated _bn _2rdamedia |
||
| 338 |
_avolume _bnc _2rdacarrier |
||
| 504 | _aIncludes bibliographical references and index. | ||
| 520 |
_a"The Sports Rehabilitation Therapists' Guidebook is a well-equipped, comprehensive, practical, evidence-based guide that seeks to assist both students and graduate sport practitioners. The book is designed to be a quick-reference book during assessment and treatment planning giving instant access to figures and case scenarios. It introduces evidence-based practice in all principal areas of sport rehabilitation such as anatomy, musculoskeletal assessment, pitch-side care, injury treatment modalities and exercise rehabilitation principles and related areas and is designed to be more flexible than usual single focus books. Written by a team of expert contributors offering a systematic perspective on core concepts. It can be used as a guide in each stage of the sport rehabilitation process and it is an asset for sport clinical practitioners such as sport rehabbers, sport therapists, personal trainers, strength and conditioning coaches as well as for students on these and related courses in their daily practice on core clinical placements such as a clinic/sporting environment, pitch side and university"-- _cProvided by publisher. |
||
| 650 | 0 |
_aSports injuries _xPatients _xRehabilitation. |
|
| 650 | 0 |
_aSports injuries _xTreatment. |
|
| 700 | 1 |
_aPapadopoulos, Konstantinos _c(Physiotherapist), _eeditor. |
|
| 776 | 0 | 8 |
_iOnline version: _aPapadopoulos, Konstantinos, _tThe sports rehabilitation therapists' guidebook _b1. _dNew York : Routledge, 2021. _z9781003171140 _w(DLC) 2020055360 |
| 906 |
_a7 _bcbc _corignew _d1 _eecip _f20 _gy-gencatlg |
||
| 942 |
_2ddc _cBK _h617.1027 _iPAP/S _k617.1027 _mPAP/S |
||
| 999 |
_c42505 _d42505 |
||